| 000 | 01022nam a2200241 a 4500 | ||
|---|---|---|---|
| 001 | 82540 | ||
| 003 | BD-RjUL | ||
| 005 | 20231226113134.0 | ||
| 008 | 231226s1973 ii ||||| |||| 00| 0 ben d | ||
| 035 | _a(BD-RjUL)82540 | ||
| 040 |
_aBD-RjUL _beng _cBD-RjUL |
||
| 041 | _aben | ||
| 082 |
_223 _a346.07 _bSEB 1973 |
||
| 100 |
_aসেন, অরুনকুমার _910695 |
||
| 245 |
_aবাণিজ্যিক ও শিল্প আইন / _cঅরুনকুমার সেন এবং জিতেন্দ্রকুমার মিত্র |
||
| 250 | _a৫ম সং. | ||
| 260 |
_a[কলিকাতা] : _b[কলিকাতা ওয়ার্ল্ড প্রেস] _c১৯৭৩ |
||
| 300 |
_a৫৮২ পৃ.; _c২২ সেমি. |
||
| 650 |
_aবাণিজ্যিক আইন এবং শিল্প আইন _910696 |
||
| 650 |
_aCommercial law & industrial law _910697 |
||
| 700 |
_aমিত্র, জিতেন্দ্রকুমার _910698 |
||
| 942 |
_2ddc _cBK |
||
| 999 |
_c82540 _d82540 |
||